000 00788nam a2200277 4500
001 21352
003 BD-RjUL
005 20211209000656.0
008 140304s1957 nyu 001 0 eng
035 _a(BD-RjUL)21416
035 _a(OCoLC)01452522
040 _aDLC
_cJPL
_dOCL
_dMYG
_dBD-RjUL
_beng
041 _aeng
082 _a658.456
_bHEH 1957
_223
090 _aHS2519
_b.H4x 1947
100 1 _aHegarty, Edward J.
_966009
245 1 0 _aHow to run a meeting /
_cEdward J Hegarty.
260 _aNew York ;
_aLondon :
_bWhittlesey house, McGraw-Hill book company, inc.,
_cc1957.
300 _axiv, 312 p. ;
_c21 cm.
504 _aIncludes index.
650 0 _aMeetings
_966010
650 0 _aLeadership.
_966011
942 _2ddc
_cBK
999 _c21352
_d21352